Online
Catalog

La universidad latinoamericana / (Record no. 11757)

MARC details
000 -CABECERA
campo de control de longitud fija 00861cam a22002291 4500
001 - NÚMERO DE CONTROL
campo de control 000012091
005 - FECHA Y HORA DE LA ÚLTIMA TRANSACCIÓN
campo de control 20200929162706.0
008 - DATOS DE LONGITUD FIJA--INFORMACIÓN GENERAL
campo de control de longitud fija 730713s1971 ve 000 0 spa
010 ## - NÚMERO DE CONTROL DE LA BIBLIOTECA DEL CONGRESO
Número de control de LC 72222929
035 ## - NÚMERO DE CONTROL DEL SISTEMA
Número de control de sistema (OCoLC)655615
040 ## - FUENTE DE LA CATALOGACIÓN
Centro catalogador/agencia de origen DO-SdBNP
Centro/agencia transcriptor OU
Centro/agencia modificador DLC
042 ## - CÓDIGO DE AUTENTICACIÓN
Código de autenticación premarc
050 00 - SIGNATURA TOPOGRÁFICA DE LA BIBLIOTECA DEL CONGRESO
Número de clasificación LA543
Número de documento/Ítem .A82
100 1# - ENTRADA PRINCIPAL--NOMBRE DE PERSONA
Nombre de persona Atcon, Rudolph P.
9 (RLIN) 28561
245 13 - MENCIÓN DE TÍTULO
Título La universidad latinoamericana /
Mención de responsabilidad, etc. [por] Rudolph P. Atcon. Observaciones al informe Atcon [por] Jaime Jaramillo Uribe.
260 ## - PUBLICACIÓN, DISTRIBUCIÓN, ETC.
Lugar de publicación, distribución, etc. Caracas, :
Nombre del editor, distribuidor, etc. Comision de Reforma Universitaria, Ediciones del Congreso de la Republica,
Fecha de publicación, distribución, etc. 1971.
300 ## - DESCRIPCIÓN FÍSICA
Extensión 195 p. ;
Dimensiones 21 cm.
650 #0 - PUNTO DE ACCESO ADICIONAL DE MATERIA--TÉRMINO DE MATERIA
Término de materia o nombre geográfico como elemento de entrada Universities and colleges
Subdivisión geográfica Latin America
9 (RLIN) 28562
700 2# - PUNTO DE ACCESO ADICIONAL--NOMBRE DE PERSONA
Nombre de persona Jaramillo Uribe, Jaime.
Título de la obra Observaciones al informe Atcon. 1971.
9 (RLIN) 28563
740 02 - PUNTO DE ACCESO ADICIONAL--TÍTULO RELACIONADO O ANALÍTICO NO CONTROLADO
Título relacionado o analítico no controlado Observaciones al informe Atcon.
910 ## - DATOS DE OPCIÓN DEL USUARIO (OCLC)
Datos de opción del usuario Catalogación por copia / LC
Holdings
Estado de retiro Estado de pérdida Restricciones de uso No para préstamo Código de colección Localización permanente Ubicación/localización actual Ubicación en estantería Fecha de adquisición Número de inventario Total de préstamos Signatura topográfica completa Código de barras Fecha visto por última vez Precio válido a partir de Tipo de ítem Koha
    Préstamo interno Préstamo restrigido Monografías: Libros y Folletos General General En encuadernación 04.11.2009 LF1   12091-10 25.06.2020 25.06.2020 Préstamo interno

Powered by Koha